00691nam a22001817a 4500003000900000008004100009040007100050082002000121245007200141260005200213300004400265440003400309505008800343650002400431650001500455650001300470700002600483AR-CdUCM190425b ||||| |||| 00| 0 spa d aMUNICIPALIDAD PROVINCIAL DEL CUSCOcBIBLIOTECA MUNICIPAL DEL CUSCO aSur/N°201/1991 aSur :bsemanario regional surandino /cGuido Delran Cousy, Director aCusco.bCentro Bartolomé de las Casas,c1991. a8 páginas. :bilustraciones ;c29 cm. aSur.nAño XIV, N°201,1991. aContenido: Ampliaran aeropuerto del Cusco. -- Las lenguas en el antiguo Perú. ... aSociedad cusqueña aPolítica aSiglo XX aGodebzzi, Juan Carlos